Elements of crop plant virology (Record no. 396037)

MARC details
000 -LEADER
fixed length control field 00512 a2200193 4500
005 - DATE & TIME
control field 20260210142531.0
008 - FIXED-LENGTH DATA ELEMENTS--GENERAL INFORMATION
fixed length control field 260210b |||||||| |||| 00| 0 eng d
020 ## - ISBN
International Standard Book Number 9781666868128
Price $ 190.00
040 ## - CATALOGING SOURCE
Original cataloging agency VIVEKANANDA LIBRARY
082 ## - DDC NUMBER
Classification number 632.381
Book Number B468E
100 ## - MAIN ENTRY--PERSONAL NAME
Personal name Beyer, Shawn
245 ## - TITLE STATEMENT
Title Elements of crop plant virology
260 ## - PUBLICATION, DISTRIBUTION, ETC. (IMPRINT)
Name of publisher, distributor, etc American Academic Publisher
Date of publication, distribution, etc 2024
Place of publication, distribution, etc Wilmington, De
300 ## - PHYSICAL DESCRIPTION
Pages vi, 295
650 ## - Subject
Subject Plant Injuries
650 ## - Subject
Subject Plant Diseases
650 ## - Subject
Subject Plant Virology
942 ## - ADDED ENTRY ELEMENTS (KOHA)
Koha item type Books
Holdings
Withdrawn status Lost status Source of classification or shelving scheme Damaged status Not for loan Location (home branch) Sublocation or collection (holding branch) Shelving location Date acquired Koha issues (times borrowed) Koha full call number Accession No. Koha date last seen Koha item type
    Dewey Decimal Classification     VIVEKANANDA LIBRARY VIVEKANANDA LIBRARY Vivekananda Library 27/01/2026   632.381 B468E 444268 27/01/2026 Books
© Designed and Maintained by Vivekananda Library, MDU Rohtak